00566nam a22001697a 450000500170000001000150001702000260003203500130005803700130007108200080008410000250009224500840011726000550020127000920025630000320034870000160038020130916104017.0 aENG-108225 a9788628041904c154.00 aEN-91758 bDBAD/PUB a658 aNaidu, S. Damodara 10aManagement and organisational behaviour /cby S. Damodara Naidu [and[ B. Sudhir aHyderabadbStudentshelpline Publishing Housec2010 a7-1-276/A/106,Ist Floor, Sai Shayam Sadan,Lingaiah Nagar, S.R. NagarbHyderabade500038 avarious pagings c22cm(pbk) aSudhir, B.